S-Bahn Dresden - Statistiken

Allgemein
  • Dieses Quiz wurde 301 mal gespielt
    292 seit der letzten Aktualisierung
  • Das Durchschnittsergebnis liegt bei 44 aus 75
Antwortstatistiken
Bahnhof % Korrekt
Dresden Hauptbahnhof
96%
Dresden Hauptbahnhof
96%
Dresden Hauptbahnhof
96%
Dresden Hauptbahnhof
96%
Dresden Neustadt
92%
Dresden-Neustadt
92%
Dresden-Neustadt
92%
Meißen
87%
Pirna
87%
Pirna
87%
Dresden Mitte
86%
Dresden Mitte
86%
Dresden Mitte
86%
Bad Schandau
84%
Dresden Flughafen
82%
Freiberg (Sachs)
81%
Heidenau
76%
Heidenau
76%
Dresden Freiberger Straße
73%
Dresden Freiberger Straße
73%
Schöna
73%
Coswig
72%
Dresden-Strehlen
71%
Dresden-Strehlen
71%
Radebeul Ost
70%
Meißen Triebischtal
68%
Kurort Rathen
67%
Dresden-Klotzsche
66%
Dresden-Klotzsche
66%
Dresden-Plauen
66%
Dresden-Reick
65%
Dresden-Reick
65%
Tharandt
63%
Dresden-Bischofsplatz
62%
Königstein
62%
Stadt Wehlen
62%
Radebeul-Weintraube
60%
Dresden-Dobritz
59%
Dresden-Dobritz
59%
Dresden-Pieschen
59%
Kamenz
59%
Dresden-Niedersedlitz
56%
Dresden-Niedersedlitz
56%
Meißen Altstadt
55%
Obervogelgesang
55%
Dresden Industriegelände
53%
Dresden Industriegelände
53%
Schmilka-Hirschmühle
53%
Heidenau Süd
51%
Heidenau Süd
51%
Dresden-Trachau
48%
Dresden-Zschachwitz
47%
Dresden-Zschachwitz
47%
Dresden Grenzstraße
44%
Radeberg
44%
Freital-Hainsberg
42%
Freital-Deuben
41%
Freital-Potschappel
41%
Heidenau-Großsedlitz
41%
Heidenau-Großsedlitz
41%
Krippen
40%
Radebeul-Kötzschenbroda
40%
Edle Krone
37%
Langebrück
35%
Neusörnewitz
33%
Radebeul-Zitzschewig
33%
Pulsnitz
32%
Freital-Hainsberg West
30%
Klingenberg-Colmnitz
26%
Muldenhütten
23%
Pulsnitz Süd
22%
Niederbobritzsch
20%
Großröhrsdorf
18%
Kleinröhrsdorf
16%
Bischheim-Gersdorf
14%
Keine übereinstimmenden Quizze gefunden
Verteilung der Resultate
Anzahl Personen mit jedem Resultat
Perzentil nach korrekt beantworteten Fragen
Ihre Resultats-Entwicklung
Sie haben dieses Quiz seit der letzten Aktualisierung nicht gespielt